[Event "Mestre Sheraton op-B 1st"]
[Site "Mestre"]
[Date "2021.02.26"]
[Round "1"]
[White "Perossa, Nicolas"]
[Black "Bonato, Simone"]
[Result "1-0"]
[WhiteElo "1661"]
[BlackElo "999"]
[PlyCount "63"]
[EventDate "2021.02.26"]
[EventType "swiss"]
[EventRounds "5"]
[EventCountry "ITA"]
[SourceTitle "EXT 2023"]
[Source "ChessBase"]
[SourceDate "2022.10.05"]
[SourceVersion "1"]
[SourceVersionDate "2022.10.05"]
[SourceQuality "1"]

1. e4 e5 2. Bc4 Nc6 3. Nf3 Bc5 4. d3 Nf6 5. c3 d6 6. h3 a6 7. Nbd2 0-0 8. Nf1 h6 9. Be3 Bxe3 10. Nxe3 Na5 11. 0-0 Nxc4 12. Nxc4 Re8 13. Re1 Be6 14. Ne3 Qd7 15. Qc2 Nh5 16. d4 f6 17. d5 Bxh3 18. gxh3 Qxh3 19. Nh2 Nf4 20. Qd1 h5 21. Qf3 Qh4 22. Qg3 Qg5 23. Qxg5 Nh3+ 24. Kg2 Nxg5 25. Nf5 g6 26. Nh4 Kg7 27. N2f3 Rf8 28. Re3 Kh6 29. Rg1 f5 30. Nxg5 Kxg5 31. Kh2+ Kf4 32. Nxg6# 1-0